ბათუმის შოთა რუსთაველის სახელმწიფო უნივერსიტეტის ბიბლიოთეკა

STATISTICA : (ბიბ.ჩანაწერი № 35001)

000 -LEADER
fixed length control field 00818nam a2200241Ia 4500
001 - CONTROL NUMBER
control field 839
003 - CONTROL NUMBER IDENTIFIER
control field GE_BSU
005 - DATE AND TIME OF LATEST TRANSACTION
control field 20210211125159.0
008 - FIXED-LENGTH DATA ELEMENTS--GENERAL INFORMATION
fixed length control field 181216s2001||||ru |||||||||||||| ||rus||
020 ## - INTERNATIONAL STANDARD BOOK NUMBER
International Standard Book Number 5318003028
040 ## - CATALOGING SOURCE
Transcribing agency GE_BSU
041 ## - LANGUAGE CODE
Language code of text/sound track or separate title rus
080 ## - UNIVERSAL DECIMAL CLASSIFICATION NUMBER
Universal Decimal Classification number 681.3.01(075.8)
100 ## - MAIN ENTRY--PERSONAL NAME
Personal name Боровиков, Владимир
9 (RLIN) 10106
245 ## - TITLE STATEMENT
Title STATISTICA :
Remainder of title Искусство анализа даных на компьютере для профессионалов /
Statement of responsibility, etc. Владимир, Боровиков.
264 ## - PRODUCTION, PUBLICATION, DISTRIBUTION, MANUFACTURE, AND COPYRIGHT NOTICE
Place of production, publication, distribution, manufacture СПБ :
Name of producer, publisher, distributor, manufacturer Питер,
Date of production, publication, distribution, manufacture, or copyright notice 2001.
300 ## - PHYSICAL DESCRIPTION
Extent 650 стр.
653 ## - INDEX TERM--UNCONTROLLED
keyword STATISTIKA
653 ## - INDEX TERM--UNCONTROLLED
keyword ინფორმატიკა
653 ## - INDEX TERM--UNCONTROLLED
keyword Информатика
653 ## - INDEX TERM--UNCONTROLLED
keyword ინფორმაციული ტექნოლოგიები
942 ## - ADDED ENTRY ELEMENTS (KOHA)
Koha item type წიგნი
Source of classification or shelving scheme
ეგზემპლარები
Withdrawn status Lost status Source of classification or shelving scheme Damaged status Not for loan Permanent Location Current Location Shelving location Date acquired Cost, normal purchase price Full call number Barcode Date last seen Copy number Price effective from Koha item type Public note
          ბათუმის შოთა რუსთაველის სახელმწიფო უნივერსიტეტის მთავარი ბიბლიოთეკა ბათუმის შოთა რუსთაველის სახელმწიფო უნივერსიტეტის მთავარი ბიბლიოთეკა წიგნსაცავი 2018-12-17 25.00 681.3.01(075.8) Б-83 869 2018-12-17 869 2018-12-17 წიგნი 25 ლ.